Innovations in health service delivery : (Record no. 12452)

000 -LEADER
fixed length control field 00584cam a22002054a 4500
020 ## - INTERNATIONAL STANDARD BOOK NUMBER
ISBN 0821344943
040 ## - CATALOGING SOURCE
Transcribing agency DLC
082 00 - DEWEY DECIMAL CLASSIFICATION NUMBER
Classification number 362 WOR 2003 A020 Or.
245 00 - TITLE STATEMENT
Title Innovations in health service delivery :
Remainder of title the corporatization of public hospitals /
260 ## - PUBLICATION, DISTRIBUTION, ETC. (IMPRINT)
Place of publication Washington, D.C. :
Name of publisher World Bank,
Year of publication c2003.
300 ## - PHYSICAL DESCRIPTION
Number of Pages xx, 618 p. :
Other physical details ill. ;
Dimensions 22 cm.
650 #0 - SUBJECT ADDED ENTRY--TOPICAL TERM
Topical Term Hospitals
650 #0 - SUBJECT ADDED ENTRY--TOPICAL TERM
Topical Term Health care reform
650 #0 - SUBJECT ADDED ENTRY--TOPICAL TERM
Topical Term Corporatization
650 #0 - SUBJECT ADDED ENTRY--TOPICAL TERM
Topical Term Hospitals
650 #0 - SUBJECT ADDED ENTRY--TOPICAL TERM
Topical Term Health care reform
700 1# - ADDED ENTRY--PERSONAL NAME
Personal name Preker, Alexander S.,
700 1# - ADDED ENTRY--PERSONAL NAME
Personal name Harding, April,
942 ## - ADDED ENTRY ELEMENTS (KOHA)
Koha item type សៀវភៅភាសាអង់គ្លេស
952 ## - LOCATION AND ITEM INFORMATION (KOHA)
Withdrawn status [LOCAL, KOHA] 0
Holdings
Permanent Location Date acquired Koha item type Lost status Shelving location Barcode Current Location Full call number
Library Block A2017-08-14សៀវភៅភាសាអង់គ្លេស A020A16827Library Block A362 WOR 2003 A020 Or.
មជ្ឈមណ្ឌលឯការនៃសាកលវិទ្យាល័យភូមិន្ទកសិកម្មចំការដូង

Powered by Koha